000 00546nam a2200157 a 4500
001 ASIN8189401297
005 20140925204120.0
008 140925s2008 xxu eng d
020 _a8189401297 (paperback)
020 _a9788189401290 (paperback)
100 1 _aModi, P.N.
245 1 0 _aIrrigation water resources and water power engineering /
_cP.N. Modi.
260 _a[S.l.] :
_bStandard Book House,
_c1988.
300 _a1 v. (unpaged) ;
_c25 cm.
856 4 0 _3Amazon.com
_uhttp://www.amazon.com/exec/obidos/ASIN/8189401297/chopaconline-20
999 _c10395
_d10395